Die entstehende Dauerausstellung des Museums des Zweiten Weltkrieges in Danzig
| Titel: | Die entstehende Dauerausstellung des Museums des Zweiten Weltkrieges in Danzig |
|---|---|
| Verfasser: | |
| In: |
Inter finitimos. [Deutsche Ausgabe], Band 10 (2012), Seite 126-133 alle Artikel anzeigen |
| Veröffentlicht: | 2012 |
| Format: | Aufsatz |
| Sprache: | Deutsch |
X
alg: 39267520 001A $01999:11-11-16 001B $03025:28-02-26 $t17:24:06.000 001C $06050:19-11-16 $t09:23:31.000 001D $01999:11-11-16 001U $0utf8 001X $00 002@ $0Aox 003@ $039267520X 007A $039267520X $aHEB 007T $0Herdc0096427m 010@ $ager 011@ $a2012 021A $aDie @entstehende Dauerausstellung des Museums des Zweiten Weltkrieges in Danzig 028A $71019717211 $8Logemann, Daniel$Z1979- [Tp3] $9289682703 031A $d10 $h126-133 $j2012 039B $aIn $8--Abvc--. Inter finitimos. [Deutsche Ausgabe]. - Osnabrück : fibre, 1992-2015. - ISSN 0948-1818 $x201200000100000874 $9048132500 045F $a307.09438 $eDDC23BSB 045F/01 $a307.09 045F/03 $g438 045F/03 $g4382 045F/03 $g43832 045T $a8,1 $a7,41 lok: 39267520 78 exp: 39267520 78 1 #EPN 201B/01 $028-02-26 $t17:24:06.000 201U/01 $0utf8 203@/01 $0788774530 208@/01 $a11-11-16 $be 209A/01 $a/ $f000 $x00 220C/01 $aTitelaufnehmer: kk 220C/01 $aHerkunft: HI Marburg 244Z/01 $2Trx $#Prusy Wschodnie i Zachodnie $8--Trx--Ost- und Westpreußen $x01 $939113373X 244Z/01 $2Trx $#Poola $#Lenkija $#Polija $#Polen Land $#Poland $#Lengyelország $#Poľsko $#Polsko $8--Trx--Polska$gkraj $x02 $9391345966 244Z/01 $#Danzig $#Ville Libre de Danzig $#Dantzig $#Ville Libre de Dantzig $#Freistaat Danzig $#Gdańsk $#Freie Stadt Danzig $#Urząd Miejski w Gdańsku $#Gyddanzyc $#Gedanum $#Dantiscum $74011039-4 $8--Tg1--Danzig $x03 $9085022225 244Z/01 $aGeschichte 1939-2012 $x04 244Z/01 $2Trx $#suhted, Poola-Saksa $#santykiai, lenkų ir vokiečių $#relations, German-Polish $#kapcsolatok, lengyel-német $#stosunki niemiecko-polskie $#vzťahy nemecko-poľské $#vztahy německo-polské $8--Trx--Beziehungen, deutsch-polnische $x06 $9391368397 244Z/01 $2Trx $#maailmasõda, teine 1939-1945 $#Antrasis pasaulinis karas 1939-1945 $#World War, Second 1939-1945 $#világháború. második 1939-1945 $#wojna światowa, druga 1939-1945 $#vojna svetová II. 1939-1945 $#válka druhá světová 1939-1945 $#Zweiter Weltkrieg $8--Trx--Weltkrieg, Zweiter$g1939-1945 $x07 $939138239X 244Z/01 $2Trx $8--Trx--Zeitschriftenaufsatz $x08 $9391384341 245Z/01 $a13.03 $x01 245Z/01 $a11.03 $x02 247C/01 $82080>Marburg/Lahn, Herder-Institut, Forschungsbibliothek, Bibliographieportal $9336309341
| LEADER | 00000caa a22000002c 4500 | ||
|---|---|---|---|
| 001 | 39267520X | ||
| 003 | DE-603 | ||
| 005 | 20260228172406.0 | ||
| 007 | tu | ||
| 008 | 161111s2012 xx |||| | u00||u|ger c | ||
| 035 | |a (DE-599)HEB39267520X | ||
| 040 | |a DE-603 |b ger |c DE-603 |d DE-603 | ||
| 041 | |a ger | ||
| 082 | 0 | 4 | |8 1\u |a 307.09438 |q DE-101 |2 23/BSB |
| 084 | |a 8,1 |a 7,41 |2 ssgn | ||
| 085 | |8 1\u |b 307.09 | ||
| 085 | |8 1\u |z 2 |s 438 | ||
| 085 | |8 1\u |z 2 |s 4382 | ||
| 085 | |8 1\u |z 2 |s 43832 | ||
| 100 | 1 | |a Logemann, Daniel |d 1979- |0 (DE-603)289682703 |0 (DE-588)1019717211 |2 gnd | |
| 245 | 0 | 0 | |a Die entstehende Dauerausstellung des Museums des Zweiten Weltkrieges in Danzig |
| 264 | 0 | |c 2012 | |
| 773 | 0 | 8 | |i In |t Inter finitimos. [Deutsche Ausgabe] |d Osnabrück : fibre, 1992-2015 |h 21 cm |x 0948-1818 |g Band 10 (2012), Seite 126-133 |w (DE-603)048132500 |w (DE-600)913931-X |
| 924 | 0 | |9 2080 |a (DE-603)788774530 |b DE-2080 |c HES |d d |g / | |


